Political parties in Africa: Challenges for sustained multiparty democracy Africa regional report

Salvato in:
Dettagli Bibliografici
Autore principale: Salih, M. A. Mohamed
Altri autori: Nordlund, Per
Natura: Libro
Lingua:inglese
Pubblicazione: Stockholm International IDEA 2007
Soggetti:
Tags: Aggiungi Tag
Nessun Tag, puoi essere il primo ad aggiungerne!!

MARC

LEADER 00000nam a2200000 4500
001 0121546
005 20240318114555.8
020 |a 978-91-85391-97-4 
041 0 |a eng 
044 |a SE 
245 1 0 |a Political parties in Africa: Challenges for sustained multiparty democracy  |b Africa regional report  |c lead authors: M. A. Mohamed Salih and Per Nordlund 
264 1 |a Stockholm  |b International IDEA  |c 2007 
300 |a 143 s. 
610 2 0 |a strany politické 
610 2 0 |a štruktúra organizačná 
610 2 0 |a regulácia 
610 2 0 |a výskum 
610 2 0 |a dialóg sociálny 
610 2 0 |a regióny 
610 2 0 |a vývoj politický 
610 2 0 |a programy politické 
610 2 0 |a voľby 
610 2 0 |a systémy politické 
610 2 0 |a strany vládne 
610 2 0 |a koalícia 
610 2 0 |a parlamenty 
610 2 0 |a demokracia 
610 2 0 |a Afrika 
100 1 |a Salih, M. A. Mohamed 
700 1 |a Nordlund, Per